Theories of counselling and psychotherapy for Nigerian practitioners (Record no. 36504)

MARC details
000 -LEADER
fixed length control field 00518nam a2200181Ia 4500
020 ## - INTERNATIONAL STANDARD BOOK NUMBER
ISBN 9789785261356
050 ## - CALL MARK
Classification number RC 454 .A38/
100 ## - STATEMENT OF RESPONSIBILITY--MAIN AUTHOR NAME
Personal name Akume, Gabriel Terzungwe
245 #0 - TITLE STATEMENT
Title Theories of counselling and psychotherapy for Nigerian practitioners
260 ## - PUBLICATION, DISTRIBUTION, ETC. (IMPRINT)
Place of publication Makurdi
260 ## - PUBLICATION, DISTRIBUTION, ETC. (IMPRINT)
Name of publisher Eagle Prints Nigeria Ltd.
260 ## - PUBLICATION, DISTRIBUTION, ETC. (IMPRINT)
Year of publication 2014
300 ## - PHYSICAL DESCRIPTION
Number of Pages 213 p
650 ## - SUBJECT ADDED ENTRY--TOPICAL TERM
Topical Term Psychotherapy--Philosophy. Counseling--Philosophy.
942 ## - ADDED ENTRY ELEMENTS (KOHA)
Koha item type Books
Holdings
Withdrawn status Lost status Source of classification or shelving scheme Damaged status Not for loan Permanent Location Current Location Shelving location Date acquired Accession Number Price effective from Koha item type
    Library of Congress Classification     NILE UNIVERSITY OF NIGERIA - MAIN LIBRARY NILE UNIVERSITY OF NIGERIA - MAIN LIBRARY Items on shelf 04/23/2025 0192738 04/23/2025 Books